Histoire du règne de Marie Stuart / (Record no. 162021)

MARC details
000 -LEADER
campo de control de longitud fija 00828nam a22001935i 4500
001 - NÚMERO DE CONTROL
campo de control 162021
003 - IDENTIFICADOR DE NÚMERO DE CONTROL
campo de control ES-MaACL
005 - FECHA Y HORA DE LA ÚLTIMA TRANSACCIÓN
campo de control 20251105063136.0
008 - DATOS DE LONGITUD FIJA--INFORMACIÓN GENERAL
campo de control de longitud fija 990701m18911892fr |||| | fre d
040 ## - FUENTE DE CATALOGACIÓN
Centro catalogador/agencia de origen GA
Lengua de catalogación spa
Centro/agencia transcriptor CCPB | 3D
100 1# - ENTRADA PRINCIPAL--NOMBRE DE PERSONA
Nombre de persona Philippson, Martin,
Fechas asociadas al nombre 1846-1916
9 (RLIN) 131111
245 10 - MENCIÓN DEL TÍTULO
Título Histoire du règne de Marie Stuart /
Mención de responsabilidad, etc. par Martin Philippson.
260 ## - PUBLICACIÓN, DISTRIBUCIÓN, ETC.
Lugar de publicación, distribución, etc. Paris :
Nombre del editor, distribuidor, etc. Emile Bouillon,
Fecha de publicación, distribución, etc. 1891-1892 (
Lugar de fabricación/manufactura Chartres :
Fabricante Imprimerie Durand)
300 ## - DESCRIPCIÓN FÍSICA
Extensión 3 v. (XI, 344 p. 408 p. 520 p.) ;
Dimensiones 22 cm.
596 ## - NOTA AL PIE DE IMPRENTA
NOTA AL PIE DE IMPRENTA Marca tip. en port.
600 14 - PUNTO DE ACCESO ADICIONAL DE MATERIA--NOMBRE DE PERSONA
Nombre de persona María
Numeración I
Títulos y otros términos asociados al nombre Reina de Escocia.
9 (RLIN) 76666
852 ## - LOCALIZACIÓN
Ubicación ES-MaACL
Nota libre F-9668-70
-- -- Rúst.
Encuadernación -- Edic.: completar T300 T. I. (XI, 344 p.) -- T. II. (408 p.) -- T. III. (520 p.) -- T600 María Estuardo, Reina de Escocia -- T651 Escocia-Historia
Holdings
Estatus retirado Estado de pérdida Estado de daño No para préstamo Colección Biblioteca de origen Biblioteca actual Ubicación en estantería Fecha de adquisición Total de préstamos Signatura topográfica completa Código de barras Visto por última vez Precio de reemplazo Tipo de ítem Koha
        Libros del s. XIX Biblioteca del Ateneo de Madrid Biblioteca del Ateneo de Madrid Sala Pecera Planta 2 17/01/2008   F-9668-70 1169722 23/02/2023 23/02/2023 Libro impreso antiguo